书目信息 |
| 题名: |
春来花自开
|
|
| 作者: | 飞鸟 著 | |
| 分册: | ||
| 出版信息: | 南昌 百花洲文艺出版社 2020.09 |
|
| 页数: | 224页 | |
| 开本: | 22cm | |
| 丛书名: | ||
| 单 册: | ||
| 中图分类: | I247.82 | |
| 科图分类: | ||
| 主题词: | 小小说--小说集--中国--当代 | |
| 电子资源: | ||
| ISBN: | 978-7-5500-3377-1 | |
| 000 | 00849nam0 2200229 450 | |
| 001 | 0102100443 | |
| 005 | 20210402100825.0 | |
| 010 | @a978-7-5500-3377-1@dCNY58.00 | |
| 100 | @a20190918d2020 em y0chiy0110 ea | |
| 101 | 0 | @achi |
| 102 | @aCN@b360000 | |
| 105 | @ay z 000yy | |
| 106 | @ar | |
| 200 | 1 | @a春来花自开@Achun lai hua zi kai@f飞鸟著 |
| 210 | @a南昌@c百花洲文艺出版社@d2020.09 | |
| 215 | @a224页@d22cm | |
| 330 | @a《春来花自开》是一本小小说集,共收录作者飞鸟90篇左右的创作,全书共分三辑,这些作品无论是对生命的哲思、对幸福的追问,对自由的向往,对心灵的探幽,还是对那些人那些事的缅怀,都像一颗颗珍珠镶嵌在书卷上,让我们读懂人生,读懂世界,学会迎接更好的自己。 | |
| 606 | 0 | @a小小说@x小说集@y中国@z当代 |
| 690 | @aI247.82@v5 | |
| 701 | 0 | @a飞鸟@Afei niao@4著 |
| 801 | 0 | @aCN@bBJSZM@c20210402 |
| 905 | @b1279348-52@dI247.82@e1010@f5 | |
| 春来花自开/飞鸟著.-南昌:百花洲文艺出版社,2020.09 |
| 224页;22cm |
| ISBN 978-7-5500-3377-1:CNY58.00 |
| 《春来花自开》是一本小小说集,共收录作者飞鸟90篇左右的创作,全书共分三辑,这些作品无论是对生命的哲思、对幸福的追问,对自由的向往,对心灵的探幽,还是对那些人那些事的缅怀,都像一颗颗珍珠镶嵌在书卷上,让我们读懂人生,读懂世界,学会迎接更好的自己。 |
| ● |
| 相关链接 |
|
|
|
|
正题名:春来花自开
索取号:I247.82/1010
 
预约/预借
| 序号 | 登录号 | 条形码 | 馆藏地/架位号 | 状态 | 备注 |
| 1 | 1279348 | 212793486 | 第一样本阅览室/ [索取号:I247.82/1010] | 在馆 | |
| 2 | 1279349 | 212793495 | 教育系资料室/ [索取号:I247.82/1010] | 在馆 | |
| 3 | 1279350 | 212793501 | 教育系资料室/ [索取号:I247.82/1010] | 在馆 | |
| 4 | 1279351 | 212793510 | 第二借阅区/ [索取号:I247.82/1010] | 在馆 | |
| 5 | 1279352 | 212793529 | 第二借阅区/ [索取号:I247.82/1010] | 在馆 |